| 000 | 00836 a2200229 4500 | ||
|---|---|---|---|
| 003 | Nust | ||
| 005 | 20230804110005.0 | ||
| 010 | _a 90037043 | ||
| 020 | _a083063455X (pbk.) : | ||
| 020 | _a0830674551 : | ||
| 040 | _cNust | ||
| 082 | 0 | 0 | _a621.395,HOR |
| 100 | 1 | _aHorn, Delton T. | |
| 245 | 1 | 0 |
_a49 easy electronic projects for transconductance & Norton op amps / _cDelton T. Horn. |
| 250 | _a1st. ed. | ||
| 260 |
_aBlue Ridge Summit, PA : _bTab Books, _cc1990. |
||
| 300 |
_axii, 216 p. : _bill. ; _c25 cm. |
||
| 505 | _aPart 1.Transconductance Operational Amplifiers (Page-3), Part 2. Norton/Amplifiers (Page-125), Index (Page 207). | ||
| 650 | 0 |
_aOperational amplifiers _xAmateurs' manuals. _9113949 |
|
| 740 | 0 | _aForty nine easy electronic projects for transconductance & Norton op amps. | |
| 942 |
_2ddc _cBK _k621.395,HOR |
||
| 999 |
_c183896 _d183896 |
||